| 000 | 00438cam a2200169ua 4500 | ||
|---|---|---|---|
| 020 | _c$ 4.50 | ||
| 041 |
_aeng _h |
||
| 082 |
_a370.19 _bSTA/ED |
||
| 100 | _astanley, William O . | ||
| 245 |
_aEducation and social intergration / _cstanley. _hTextual Documents |
||
| 260 |
_aColumbia : _bTeachers college university , _c1960. |
||
| 300 | _a290 ; . | ||
| 365 | _a$ 4.50 | ||
| 504 | _a | ||
| 999 |
_c11267 _d11267 |
||